Normal view
MARC view
Entry Personal Name
001 - CONTROL NUMBER
- control field: 26004
003 - CONTROL NUMBER IDENTIFIER
- control field: dpl
005 - DATE AND TIME OF LATEST TRANSACTION
- control field: 20110215143608.0
008 - FIXED-LENGTH DATA ELEMENTS
- fixed length control field: 110215|||a|||||| | ||| d
040 ## - CATALOGING SOURCE
- Original cataloging agency: dpl
- Transcribing agency: dpl
100 ## - HEADING--PERSONAL NAME
- Personal name: Yeolekar, Mahesh A.
670 ## - SOURCE DATA FOUND
- Source citation: Work cat.: (dpl): Sharma, J.P. 1565, Engineering mathematics vol-II /, 2011
670 ## - SOURCE DATA FOUND
- Source citation: Work cat.: (dpl): Sharma, J.P. 1565, Engineering mathematics vol-II /, 2011
